| 000 | 00000nam##2200000za#4500 |
| 001 | 9.641528 |
| 003 | CaOODSP |
| 005 | 20210624223243 |
| 007 | cr ||||||||||| |
| 008 | 150407|2006||||xxc|||||o f|0| 0 fre|d |
| 040 | |aCaOODSP|bfre |
| 043 | |an-cn--- |
| 086 | 1 |aH129-29/2006F-PDF |
| 110 | 1 |aCanada. |bSanté Canada.|bDirection générale de la santé environnementale et de la sécurité des consommateurs. |
| 245 | 10|aRecommandations pour la qualité de l'eau potable au Canada - document technique : |h[ressource électronique]|bles bactéries pathogènes d’origine hydrique - micro-organismes préoccupants courants et émergents / |c[par] Bureau de la qualité de l'eau et de la santé. |
| 260 | |aOttawa - Ontario : |bSanté Canada. |cFévrier 2006. |
| 300 | |a43p.|bréférences |
| 590 | |a13-06-Supp|b2013-03-19 |
| 691 | 07|aEau potable|2gcpds |
| 775 | 08|tGuidelines for Canadian Drinking Water Quality - Guideline Technical Document : |w(CaOODSP)9.697489 |
| 856 | 40|ahttp://publications.gc.ca|qPDF|s295 Ko|uhttps://publications.gc.ca/collections/collection_2013/sc-hc/H129-29-2006-fra.pdf |